000 00532nam a22001937a 4500
005 20250724155915.0
010 _aENG-146140
020 _c350.00
_a9789348892324
035 _aEN-129672
037 _bDBAD
082 _a881
_21
100 _aSharma, Punam
_983331
245 _aHealing Journey/
_cPunam Sharma
250 _a1
260 _aKolkata
_bExceller Books
_c2024
270 _aG1 Dream Apartment, Degree College Road
_b Belgharia,Kolkata
300 _a78p.
_c22cm(pb)
942 _2ddc
_cEN
_mSHA
_h881
999 _c212605
_d212605